000 00387 a2200169 4500
001 74340
020 _a9788580101515
040 _cAnchieta - Colégio São Paulo
100 _aPiccoloto, Rosa KMary Isfer Calluf
240 1 0 _aHistória
_lpor
245 1 0 _aHistória
300 _a108
362 0 _a2011
440 1 _aEditora do Brasil
650 4 _aHistória do mundo
942 _cBK
999 _c74340
_d74340